| 000 | 00439nam a22001337a 4500 | ||
|---|---|---|---|
| 003 | SGT | ||
| 082 |
_a617.6342 _bE18G |
||
| 100 | _aSHIKHA, GAUTAM | ||
| 245 | _aTO EVALUATE AND COMPARE ARE THE EFFECT OF VARIOUS ANTIOXIDANTS ON THE SHEAR BOND STRENGTH OF COMPOSITE RESIN TO BLEACHED ENAMEL AN IN VITRO STUDY | ||
| 260 |
_aDELHI NCR _bSGT UNIVERSITY GURUGRAM _c2018 |
||
| 300 | _a1-76 | ||
| 650 | _aCONSERVATIVE DENTISTRY | ||
| 942 |
_2ddc _cTH |
||
| 999 |
_c17088 _d17088 |
||